| 000 | 00651nam a22001937a 4500 | ||
|---|---|---|---|
| 005 | 20241023153755.0 | ||
| 010 | _aENG-142302 | ||
| 020 |
_c1895.00 _a9788195036035 |
||
| 035 | _aEN-125834 | ||
| 037 | _bDBAD | ||
| 082 |
_a580 _21 |
||
| 100 |
_aDeshmukh, Anilkumar M. _973281 |
||
| 245 |
_aA Textbook of Botany for Degree Students/ _cby Anilkumar M. Deshmukh |
||
| 250 | _a1 | ||
| 260 |
_aJaipur _bApex Publication _c2021 |
||
| 270 |
_bJaipur _a118, Chitragupt Nagar First, Imali Phatak Lalkothi, Gandhi Nagar _e302015 _mapexpublicationjpr@gmail.com _k7891981213 |
||
| 300 |
_aviii,308p. _c24cm(hb) |
||
| 942 |
_2ddc _cEN _h580 _mDES _e1 |
||
| 999 |
_c206646 _d206646 |
||